| 000 | 00423nam a22001457a 4500 | ||
|---|---|---|---|
| 999 |
_c3487 _d3487 |
||
| 008 | 200616b ||||| |||| 00| 0 eng d | ||
| 082 | 0 | 0 |
_a620.17 _bP8767 |
| 100 |
_9803 _aPounder, C. C. |
||
| 245 | 1 | 0 |
_aDished ends and stayed surfaces _cby C. C. Pounder |
| 260 |
_aLondon _bAssociation of engineering and shipbuilding draughtsmen _c1950 |
||
| 300 | _a83p. | ||
| 365 | _d1.87 | ||
| 650 | 0 | _aStrength of Materials | |
| 942 | _cBK | ||